Responses for Show #7862 - Tuesday, November 13, 2018

2018 Teen Tournament quarterfinal game 5.

Contestants

[<< previous game]

Autumn Shelton, a junior from Lamar, Missouri

Rohan Kapileshwari, a senior from Winston-Salem, North Carolina

Maggie Brown, a sophomore from Pensacola, Florida

[next game >>]

Jeopardy! Round responses

LITERARY WHICH CAME FIRST
GAMES OF THE VIDEO VARIETY
TEEN TITANS
COLORS
SUMMER CAMP
POST MALONE
(Alex: Each correct response will begin with "M-A", but it will come after "Malone" in the dictionary.)
    $200 12
Romeo and Juliet

Autumn
    $200 26
Batman

Rohan
    $200 6
Alexander

Autumn
    $200 1
yellow

Autumn
    $200 17
a lake

Rohan
    $200 8
mammoth

Maggie
    $400 13
Dracula

Maggie
    $400 27
The Legend of Zelda

Rohan
    $400 7
pope

Autumn
    $400 2
red

Triple Stumper
    $400 22
tie-dye

Maggie
    $400 9
a masquerade

Maggie
    $600 14
(Maggie: What is Life of Pi?)

Harry Potter and the Sorcerer's Stone

MaggieAutumn
    $600 28
Call of Duty

Rohan
    $600 19
Ivan (the Terrible)

Autumn
    $600 3
greens

Autumn
    $600 23
Emma Roberts

Maggie
    $600 10
(Rohan: What is Macedonia?)

Malta

Rohan
Triple Stumper
    $800 15
Gone With the Wind

Autumn
    $800 29
Red Dead Redemption

Triple Stumper
    $800 20
King Tut

Maggie
    $800 4
fawn

Rohan
    $800 24
a counselor in training

Rohan
    $800 11
manna

Autumn
    $1000 16
Wuthering Heights

Triple Stumper
    $1000 30
Deus Ex

Triple Stumper
    $1,500 21
Julius Caesar

Maggie
    $1000 5
pink

Maggie
    $1000 25
(Rohan: Who are Native Americans?)
(Alex: Be more specific.)
(Rohan: Who are [*]?)

the Sioux

Rohan
    $1000 18
maracas

Autumn

Scores at the first commercial break (after clue 15):

Maggie Rohan Autumn
$1,400 $200 $3,800

Scores at the end of the Jeopardy! Round:

Maggie Rohan Autumn
$4,700 $3,400 $5,400

Double Jeopardy! Round responses

WHERE ARE WE?
YOU'VE GOT CLASS
RHYMES WITH A VOWEL
WHOSE HIT ALBUM?
HISTORIAN'S GLOSSARY
PASTURE BEDTIME
    $400 18
Disney

Autumn
    $400 24
the marathon

Rohan
    $400 14
shy

Triple Stumper
    $400 11
(Ed) Sheeran

Rohan
    $400 4
Communism

Rohan
    $400 1
sheep

Rohan
    $800 22
(Rohan: Where is Indianapolis?)
(Autumn: What is the Indianapolis 500?)

Daytona

RohanAutumn
Triple Stumper
    $800 25
50°

Autumn
    $800 15
spay

Rohan
    $800 23
The Beatles

Rohan
    $800 5
a timeline

Autumn
    $800 2
cows

Autumn
    $1200 19
(Autumn: Who is Edison?)
(Rohan: Who is Ford?)

Tesla

RohanAutumn
Triple Stumper
    $1200 26
Grant

Autumn
    $1200 16
roe

Rohan
    $1200 6
Walk the Moon

Autumn
    $1200 8
(Rohan: What is coalition?)

alliance

Rohan
Triple Stumper
    $2,200 3
(Autumn: Who is Dionysus?)

Pan

Autumn
    $800 20
St. Louis

Autumn
    $1600 27
Albany

Autumn
    $1600 17
glee

Autumn
    $1600 7
Eminem

Rohan
    $1600 9
colonial

Rohan
    $1600 12
(Alex: They're the famous [*].)
[Laughter]
(Alex: Where do we get these clues?)

Tennessee fainting goats

Triple Stumper
    $2000 21
the National Mall

Maggie
    $2000 28
a bicep

Maggie
    $2000 29
a beau

Maggie
    $2000 30
Michael Jackson

Maggie
    $2000 10
a famine

Autumn
    $2000 13
pigs

Rohan

Scores at the end of the Double Jeopardy! Round:

Maggie Rohan Autumn
$12,700 $9,800 $12,400

Final Jeopardy! Round responses

20th CENTURY LITERATURE
(Alex: You wanted that conch shell because then you got to speak.)
RohanWhat is Lord of the Flies
$2,100
AutumnWhat is Lord of the Flies
$7,200
MaggieWhat Catch-22
$12,401
Lord of the Flies

Final scores:

Maggie Rohan Autumn
$299 $11,900 $19,600
3rd place: $5,000 if eliminated 2nd place: $5,000 if eliminated Automatic semifinalist

Game dynamics:

Coryat scores:

Maggie Rohan Autumn
$12,200 $9,800 $15,400
12 R
(including 1 DD),
1 W
17 R,
4 W
20 R
(including 1 DD),
3 W
(including 1 DD)

Combined Coryat: $37,400

[game clues] [game scores] [suggest correction]

Game tape date: 2018-08-28
The J! Archive is created by fans, for fans. Scraping, republication, monetization, and malicious use prohibited; this site may use cookies and collect identifying information. See terms. The Jeopardy! game show and all elements thereof, including but not limited to copyright and trademark thereto, are the property of Jeopardy Productions, Inc. and are protected under law. This website is not affiliated with, sponsored by, or operated by Jeopardy Productions, Inc. Join the discussion at JBoard.tv.